Many Faces Of Communalism (Record no. 39502)
[ view plain ]
| 000 -LEADER | |
|---|---|
| fixed length control field | 00467nam a2200193Ia 4500 |
| 008 - FIXED-LENGTH DATA ELEMENTS--GENERAL INFORMATION | |
| fixed length control field | 220531s9999 xx 000 0 und d |
| 041 ## - LANGUAGE CODE | |
| Language code of text/sound track or separate title | eng |
| 082 ## - DEWEY DECIMAL CLASSIFICATION NUMBER | |
| Item number | SIN / CHA |
| 100 ## - MAIN ENTRY--PERSONAL NAME | |
| Personal name | Singh, K. / Chandra, B. |
| 9 (RLIN) | 70541 |
| 245 ## - TITLE STATEMENT | |
| Title | Many Faces Of Communalism |
| 250 ## - EDITION STATEMENT | |
| Edition statement | 1ST |
| 260 ## - PUBLICATION, DISTRIBUTION, ETC. (IMPRINT) | |
| Place of publication, distribution, etc. | Chandigarh |
| Name of publisher, distributor, etc. | CRRID |
| Date of publication, distribution, etc. | 1980 |
| 300 ## - PHYSICAL DESCRIPTION | |
| Extent | 78 |
| 542 ## - INFORMATION RELATING TO COPYRIGHT STATUS | |
| Copyright holder | 03-09-2014 |
| 551 ## - | |
| -- | Sociology |
| 650 ## - SUBJECT ADDED ENTRY--TOPICAL TERM | |
| Topical term or geographic name as entry element | Sociology |
| 9 (RLIN) | 70542 |
| 906 ## - LOCAL DATA ELEMENT F, LDF (RLIN) | |
| d | 2014-2015 |
| f | 1020 |
| Withdrawn status | Lost status | Source of classification or shelving scheme | Damaged status | Not for loan | Collection code | Home library | Current library | Date acquired | Vendor | Cost, normal purchase price | Total Checkouts | Total Holds | Full call number | Barcode | Date last seen | Bill Date | Koha item type | Original Barcode |
|---|---|---|---|---|---|---|---|---|---|---|---|---|---|---|---|---|---|---|
| Dewey Decimal Classification | Shri Siddhivinayak Mahila Mahavidyalaya | Shri Siddhivinayak Mahila Mahavidyalaya | 02/09/2014 | Dhanagre D.N. | 30.00 | 1 | /SIN / CHA/B/25031 | SSMM-BK-25031 | 06/08/2022 | 06/08/2022 | Books | 010025031 |